Target identification of HIV related ganoderic acids using molecular docking /
Saved in:
| 主要作者: | |
|---|---|
| 格式: | Thesis 圖書 |
| 語言: | English |
| 出版: |
2011.
|
| 主題: | |
| 在線閱讀: | http://studentsrepo.um.edu.my/id/eprint/3528 |
| 標簽: |
添加標簽
沒有標簽, 成為第一個標記此記錄!
|
| LEADER | 01257cam a2200313 a 4500 | ||
|---|---|---|---|
| 001 | u851548 | ||
| 003 | SIRSI | ||
| 005 | 201202171535 | ||
| 008 | 120217s2011 my a t 000 0 eng m | ||
| 040 | |a UMM |d AUM |e rda | ||
| 090 | |a TP248.15 |b UM 2011 Akb | ||
| 100 | 1 | |a Akbar, Rahmad. | |
| 245 | 1 | 0 | |a Target identification of HIV related ganoderic acids using molecular docking / |c Rahmad Akbar. |
| 260 | |c 2011. | ||
| 300 | |a ix, 44 [2] leaves : |b ill. ; |c 30 cm. | ||
| 502 | |a Dissertation (M.BioInf.) -- Institut Sains Biologi, Fakulti Sains, Universiti Malaya, 2011. | ||
| 504 | |a Bibliography: leaves [45-46]. | ||
| 530 | |a Also issued in CD. | ||
| 650 | 0 | |a HIV (Viruses) |x Identification. | |
| 650 | 0 | |a Ganoderma lucidum. | |
| 650 | 0 | |a HIV (Viruses) |x Enzymes |x Inhibitors. | |
| 650 | 0 | |a HIV infections |x Treatment. | |
| 650 | 0 | |a Bioinformatics. | |
| 710 | 2 | |a Universiti Malaya. |b Institut Sains Biologi. | |
| 856 | 4 | 1 | |u http://studentsrepo.um.edu.my/id/eprint/3528 |
| 900 | |a AT-ZA | ||
| 596 | |a 1 25 | ||
| 999 | |a TP248.15 UM 2011 AKB |w LC |c 1 |i A515034843 |d 27/2/2013 |f 27/2/2013 |g 1 |l STACKS |m P01UTAMA |r Y |s Y |t TESIS |u 25/2/2013 |1 STEM | ||
| 999 | |a TP248.15 UM 2011 AKB |w LC |c 1 |i A515035075 |f 20/7/2023 |g 1 |l STACKS |m P25UMARCHI |r N |s Y |t CD |u 20/7/2023 |1 STEM |o .STAFF. MST-CD5036 | ||
